LEADER 00808nam a2200205 4500 001 000000355882 003 CaOOAMICUS 005 20231023140950.0 008 231023s1983 it 000 u ita r 040 $aSeMil$bita 245 00$a2: Identitą e missione di Gesł Cristo. 264 1$aRoma ; Trani :$bVivere In,$c1983. 300 $aXVIII, 200 p. ;$c21 cm 773 0 $aMorino, Claudio $tVerbum Dei semen.$dRoma ; Trani : Vivere In, 1983.$g2$w()355878 850 $aSeMil 852 $aSeMil$W1$xVenegono$y1$m2B VII 85$j244149$B247085$CSeMilBibl$Z2$F247085 $81 961 $aCaspani don Pierpaolo - Omaggio 996 $6245$a2: Identitą e missione di Gesł Cristo$9(OLS)http://semarc/title/446110 996 $6264$aRoma ; Trani :$bVivere In$9(OLS)http://semarc/publisher/39768 LEADER 01269nam a2200289 i 4500 001 000000127174 003 CaOOAMICUS 005 20181018170158.0 008 040607s2004 it u000 u ita u 013 $a99882 020 $a88-10-22122-2 040 $aSeMil$bita 100 1 $aBorghi, Ernesto,$d<1964- >.$0(OLS)http://semarc/name/13163 245 10$aGiustizia e amore nelle Lettere di Paolo :$bdall'esegesi alla cultura contemporanea /$cErnesto Borghi. 260 $aBologna :$bEDB,$c2004. 300 $a221 p. ;$c21 cm. 490 0 $aBiblica [EDB] 650 4$aBibbia - NT - Lettere di Paolo - Concezione dell'amore.$0(OLS)http://semarc/subject/17111 650 4$aBibbia - NT - Lettere di Paolo - Giustizia.$0(OLS)http://semarc/subject/24937 830 0$aBiblica.$0(OLS)http://semarc/title/6074 850 $aSeMil 852 $aSeMil$W1$xVenegono$y1$m2W I 286$j81495$B81495$CSeMilBibl$Z2$F83728 $81 961 $aOmaggio per recensione: Scuola Cattolica 996 $6020$a88-10-22122-2$9(OLS)http://semarc/number/113537 996 $6245$aGiustizia e amore nelle Lettere di Paolo :$bdall'esegesi alla cultura contemporanea$9(OLS)http://semarc/title/187644 996 $6260$aBologna :$bEDB$9(OLS)http://semarc/publisher/29669